Dimensión social del hombre (Record no. 128094)

MARC details
000 -LEADER
campo de control de longitud fija 00604nam a2200169 4500
001 - NÚMERO DE CONTROL
campo de control 128094
003 - IDENTIFICADOR DE NÚMERO DE CONTROL
campo de control ES-MaACL
005 - FECHA Y HORA DE LA ÚLTIMA TRANSACCIÓN
campo de control 20230906193148.0
007 - CAMPO FIJO DE DESCRIPCIÓN FÍSICA--INFORMACIÓN GENERAL
campo de control de longitud fija t|
008 - DATOS DE LONGITUD FIJA--INFORMACIÓN GENERAL
campo de control de longitud fija 070214s1981 sp r ||||1| spa d
100 1# - ENTRADA PRINCIPAL--NOMBRE DE PERSONA
Nombre de persona Roales-Nieto Hornero, Manuel.
9 (RLIN) 97774
245 10 - MENCIÓN DEL TÍTULO
Título Dimensión social del hombre
Resto del título : estructuras sociales /
Mención de responsabilidad, etc. Manuel Roales-Nieto Hornero.
260 ## - PUBLICACIÓN, DISTRIBUCIÓN, ETC.
Lugar de publicación, distribución, etc. Ciudad Real :
Nombre del editor, distribuidor, etc. Instituto de Enseñanza Media `Eduardo Valencia`,
Fecha de publicación, distribución, etc. 1981.
300 ## - DESCRIPCIÓN FÍSICA
Extensión 44 p. ;
Dimensiones 25 cm.
710 2# - ENTRADA AGREGADA--NOMBRE DE ENTIDAD CORPORATIVA
Nombre de entidad corporativa o nombre de jurisdicción como elemento de entrada Instituto de Enseñanza Media `Eduardo Valencia` (Ciudad Real)
9 (RLIN) 4871
852 ## - LOCALIZACIÓN
Ubicación ES-MaACL
Número de control de estantería 2118-F-13
Sublocalización o colección R.101498
Holdings
Estatus retirado Estado de pérdida Estado de daño No para préstamo Colección Biblioteca de origen Biblioteca actual Ubicación en estantería Fecha de adquisición Fuente de adquisición Total de préstamos Signatura topográfica completa Código de barras Visto por última vez Precio de reemplazo Tipo de ítem Koha
        Colección de folletos Biblioteca del Ateneo de Madrid Biblioteca del Ateneo de Madrid Depósito folletos 17/01/2008     2118-F-13 1133412 23/02/2023 23/02/2023 Folleto